Riconosci il calciatore dalla foto - Quiz n°16 - Statistics

Statistiche generali
  • Questo quiz è stato fatto 170 volte
  • Il punteggio medio è 6 su 10
Statistiche sulle risposte
con Immagini Risposta % Corretto
Andrea Pirlo
87%
Arthur Melo
68%
Patrick Cutrone
65%
Clément Lenglet
63%
Yassine Bounou
61%
Simone Scuffet
59%
Stefano Okaka
51%
Adem Ljajić
38%
Sam Lammers
36%
Marcelo Estigarribia
29%
Nessun quiz corrispondente trovato
Distribuzione punteggi
Percentuale di utenti per punteggio
Percentile per numero di risposta
I tuoi punteggi nel tempo
Non hai fatto questo quiz